Ο κυρίαρχος νούς : το κλειδί για την πνευματική δύναμη,ανάπτυξη και αποτελεσματικότητα
Αποθηκεύτηκε σε:
| Κύριος συγγραφέας: | |
|---|---|
| Άλλοι συγγραφείς: | |
| Μορφή: | Βιβλίο |
| Γλώσσα: | Greek |
| Δημοσίευση: |
Αθήνα :
Κονιδάρης,
1993
|
| Θέματα: | |
| Ετικέτες: |
Προσθήκη ετικέτας
Δεν υπάρχουν, Καταχωρήστε ετικέτα πρώτοι!
|
MARC
| LEADER | 00000nam a2200000 i 4500 | ||
|---|---|---|---|
| 001 | 1/68291 | ||
| 008 | 990129s1993 gre d | ||
| 020 | |a 960-7136-44-6 | ||
| 035 | |l 10047624 | ||
| 040 | |a GR-MY-UA |b gre |e aacr | ||
| 041 | 0 | |a gre | |
| 082 | 0 | |a 153.42 | |
| 100 | 1 | |a Dumont, Theron Q. | |
| 245 | 1 | 2 | |a Ο κυρίαρχος νούς : |b το κλειδί για την πνευματική δύναμη,ανάπτυξη και αποτελεσματικότητα / |c Θέρον Ντυμόν ; μετάφραση: Ειρήνη Μαρκογιάννη |
| 260 | |a Αθήνα : |b Κονιδάρης, |c 1993 | ||
| 300 | |a 252 σ. | ||
| 650 | 0 | 0 | |a Thought and thinking. |
| 700 | 1 | |a Μαρκογιάννη, Ειρήνη. |4 trl | |
| 852 | |a INST |b RHODES |e 19990129 |h 153.42 DUM |p 005400005563 |q 005400005563 |t BK |y 0 | ||
| 901 | |a BIBL-1999-1 | ||
| 909 | |a Ρ |b 058014 |c 1998 | ||
| 922 | |a 4ΕΛΗ |b 199806 |c ΚΠΣ/ΔΕ |d EMVASIS | ||